Bacteria types - Statistics

General Stats
  • This quiz has been taken 47 times
  • The average score is 11 of 46
Answer Stats
Group Answer % Correct
2 Staphylococcus
78%
3 Streptococcus
76%
6 Bacillus
61%
4 Clostridium
59%
7 Neisseria
56%
8 Pseudomonas
51%
10 Salmonella
51%
10 E.coli
44%
13 Chlamydia
41%
3 Enterococcus
41%
10 Shigella
41%
10 Klebsiella
39%
12 Mycobacterium
37%
5 Listeria
29%
10 Enterobacter
27%
10 Haemophilus
27%
8 Legionella
27%
10 Proteus
27%
9 Campylobacter
24%
9 Helicobacter
24%
5 Lactobacillus
24%
13 Mycoplasma
24%
8 Acinetobacter
15%
2 Micrococcus
15%
6 Nocardia
15%
8 Aeromonas
12%
10 Citrobacter
12%
7 Moraxella
12%
4 Actinomyces
10%
11 Fusobacterium
10%
1 Peptostreptococcus
10%
11 Bacteroides
7%
10 Pasteurella
7%
5 Rhodococcus
7%
5 Corynebacteria
5%
4 Cutibacterium
5%
7 Kingella
5%
8 Stenotrophomonas
5%
13 Ureaplasma
5%
8 Bordatella
2%
10 Eikenella
2%
5 Erysipelothrix
2%
3 Leuconostoc
2%
8 Vibro
2%
3 Abiotrophia
0%
2 Rothia
0%
No matching quizzes found
Score Distribution
Percent of People with Each Score
Percentile by Number Answered
Your Score History
You have not taken this quiz